000 02667nam0a2200361 4500
001 RU\NLR\BIBL_A\022186339
005 20240423170622.0
010 _a978-5-6047682-3-5
_91000
021 _aRU
_bКН-П-24-012197
_9КН-П-24-1268
035 _a(NLR Aleph) 022186339
090 _a12998632
_c12998632
100 _a20240403d2023 u y0rusy50 ca
101 0 _arus
102 _aRU
105 _aa z 100zy
181 0 _ai
_baxxe
182 0 _an
200 1 _a30 лет развития избирательной системы современной России: история и перспективы развития
_eсборник материалов-статей участников конференции, 26 мая 2023 г., г. Ростов-на-Дону, 29 мая 2023 г., г. Таганрог
_fЮжно-Российский институт управления - филиал РАНХиГС (г. Ростов-на-Дону) [и др.]
_gредакционно-издательская группа: Понеделков А. В. [и др.]
203 _aТекст
_bвизуальный
_cнепосредственный
210 _aРостов-на-Дону
_cИздательство ЮРИУ РАНХиГС
_d2023
215 _a166 c.
_cил., табл.
_d29
300 _aНа обл. подзаг.: Сборник материалов научно-практической конференции
300 _aВ вып. дан. и макете подзаг.: Материалы научно-практической конференции
320 _aБиблиогр. в конце ст. и в подстроч. примеч.
606 1 _aИзбирательная система
_jСъезды, совещания и т.п
_yРоссийская Федерация
_92195166
_3RU\NLR\AUTH\661319375
686 1 _aХ620.5я431
702 1 _4340
_7ca
_8rus
_aПонеделков
_bА. В.
_gАлександр Васильевич
_9115543
_3RU\NLR\AUTH\775579
711 1 2 _a"30 лет развития избирательной системы современной России: история и перспективы развития", научно-практическая конференция
_eРостов-на-Дону
_f2023
_9880057
_3RU\NLR\AUTH\880608206
712 0 2 _4475
_aЮжно-Российский институт управления
_cРостов-на-Дону
_9438626
_3RU\NLR\AUTH\880386241
942 _cBOOK
980 _aNB